Leam Richardson's First Squad for Reading FC With Nation & Number Hint - Statistics

General Stats
  • This quiz has been taken 2 times
  • The average score is 15 of 20
Answer Stats
Position Number # Nationality Answer % Correct
LCM #8 Wales Charlie Savage
100%
RW #11 Germany Daniel Kyerewaa
100%
GK #25 England Jack Stevens
100%
LCB #3 Montserrat Jeriel Dorsett
100%
RCM #29 England Kamari Doyle
100%
RB(Sub) #2 England Kelvin Abrefa
100%
ST #9 England Kelvin Ehibhatiomhan
100%
CM #10 England Lewis Wing
100%
ST(Sub) #20 Ireland Mark O'Mahony
100%
LW #32 Northern Ireland Paddy Lane
100%
LB(Sub) #19 England Andre Garcia
50%
RB #17 Ghana Andy Yiadom
50%
RB(Sub) #39 England Ashqar Ahmed
50%
ST(Sub) #26 Malta Basil Tuma
50%
LW(Sub) #28 Guinea-Bissau Mamadi Camara
50%
LB #5 England Matty Jacob
50%
RCB #22 England Michael Stickland
50%
CDM(Sub) #47 England Shay Spencer
50%
GK(Sub) #31 England Tom Norcott
50%
CB(Sub) #46 England Jacob Borgnis
0%
No matching quizzes found
Score Distribution
Percent of People with Each Score
Percentile by Number Answered
Your Score History
You have not taken this quiz